000 00618nam a2200181 i 4500
001 167843
003 ES-MaACL
005 20250918063042.0
008 050928s1847 fr | |||||||| ||fre d
040 _aCAM
_bspa
_cCAM
100 1 _aWallon, Henri,
_d1812-1904
_9152274
245 1 0 _aHistoire de l'esclavage dans l'antiquité /
_cpar H. Wallon.
260 _aParis :
_ba l'Imprimerie Royale :
_bDebrozy, E. Magdeleine et Cie. (
_e1847)
300 _a3 v. (487; 493; 578 p.) ;
_c21 cm.
650 4 _aEsclavitud-
_xHistoria.
_912361
852 _aES-MaACL
_jG-7129-31
_z-- Enc. hol.
999 _c167843
_d167843